LEADER 01179nam 2200337 a 450 001 9910691003503321 005 20050719112655.0 035 $a(CKB)5470000002344323 035 $a(OCoLC)46949625 035 9 $aocm46949625 035 $a(OCoLC)995470000002344323 035 $a(EXLCZ)995470000002344323 100 $a20010515d2001 ua 0 101 0 $aeng 135 $auran|||||| 181 $ctxt$2rdacontent 182 $cc$2rdamedia 183 $acr$2rdacarrier 200 10$aFinancial management$b[electronic resource] $emisstatement of NASA's statement of budgetary resources : report to the chairman, Subcommittee on Space and Aeronautics, Committee on Science, House of Representatives /$fUnited States General Accounting Office 210 1$aWashington, D.C. (P.O. Box 37050, Washington, D.C. 20013) :$cThe Office,$d[2001] 300 $a"GAO-01-438." 300 $a"March 2001." 300 $aTitle from title screen. 320 $aIncludes bibliographical references. 517 $aFinancial management 801 0$bGPO 801 1$bGPO 906 $aBOOK 912 $a9910691003503321 996 $aFinancial Management$9424135 997 $aUNINA